Gandhi's conscience keeper: (Record no. 156986)

MARC details
000 -LEADER
fixed length control field 00646nam a22001937a 4500
005 - DATE AND TIME OF LATEST TRANSACTION
control field 20180906105752.0
010 ## - LCCN (DPL NO)
LC control number ENG-123969
020 ## - INTERNATIONAL STANDARD BOOK NUMBER
Terms of availability 695.00
International Standard Book Number 9788178245331
035 ## - SYSTEM CONTROL NUMBER
System control number EN-107501
037 ## - SOURCE OF ACQUISITION
Source of stock number/acquisition DBAD/PUB
082 ## - DEWEY DECIMAL CLASSIFICATION NUMBER
Classification number 954.092
100 ## - MAIN ENTRY--PERSONAL NAME
Personal name Srinivasan, Vasanthi
245 ## - TITLE STATEMENT
Title Gandhi's conscience keeper:
Statement of responsibility, etc by Vasanthi Srinivasan
Remainder of title c.rajagopalachari and indian politics /
260 ## - PUBLICATION, DISTRIBUTION, ETC. (IMPRINT)
Name of publisher, distributor, etc Permanent Black
Place of publication, distribution, etc Ranikhet
Date of publication, distribution, etc 2018
270 ## - ADDRESS
Address 'Himalayan', Mall Road, Ranikhet cantt,
City Ranikhet
Postal code 263645
300 ## - PHYSICAL DESCRIPTION
Extent xvi,278p
Dimensions 21cm.(Pbk.)
500 ## - GENERAL NOTE
General note It includes index and bibliography
942 ## - ADDED ENTRY ELEMENTS (KOHA)
Source of classification or shelving scheme Dewey Decimal Classification
Item type English Books
Call number suffix SRI
Classification part 954.092
Holdings
Withdrawn status Lost status Not for loan Collection code Home library Current library Date acquired Source of acquisition Cost, normal purchase price Full call number Barcode Copy number Cost, replacement price Koha item type
    Not For Loan Non-fiction D.B.Act.Division Bawana 05/09/2018 DBAD/PUB 695.00 954.092 SRI EN-107501 1 695.00 English Books

© Delhi Public Library
Hit Counter
free hit counter